Score 0/10 Timer 01:30
1 Play Today
% Correct
Moons orbiting Earth
82.9%
Colors in the rainbow
80.7%
Planets in our solar system
80.5%
Digits on a hand
80.1%
Base of the decimal system
77%
Classes of rock
68.3%
States of a computer bit
57.8%
Nucleotide bases in DNA
56.5%
Fluorine's atomic number
52.7%
Quark flavours
49.8%

Today's Daily Dose

Missing Word
Domicile Things

Word Ladder
Rock Bottom

Get the Picture
Cocktails

Remove Ads.
Support Sporcle.
Get the best of Sporcle when you Go Orange. This ad-free experience offers more features, more stats, and more fun while also helping to support Sporcle. Thank you for becoming a member.

You're not logged in!

Compare scores with friends on all Sporcle quizzes.
OR
Log In

Sporcle TV

Today on Sporcle TV


Watch our educational content, quiz creation guides, and fun videos on Sporcle TV.

Show Comments

Extras

Top Quizzes Today


Score Distribution

Paid Content

Your Account Isn't Verified!

In order to create a playlist on Sporcle, you need to verify the email address you used during registration. Go to your Sporcle Settings to finish the process.

Report this User

Report this user for behavior that violates our Community Guidelines.

Details: